| LEADER |
00735nam0a2200205 450 |
| 001 |
16821824 |
| 010 |
|
|
|a 978-2-7540-1121-1
|b Br.
|d 22,9
|
| 100 |
|
|
|a 20090319d2009 u u0frey01 ba
|
| 101 |
0 |
|
|a fre
|
| 102 |
|
|
|a FR
|
| 200 |
0 |
|
|a Corps humain pour les nuls (Le)
|f Patrick Gepner
|
| 207 |
|
1 |
|a
|
| 210 |
|
|
|a Paris
|c First Editions
|d 2009
|
| 215 |
|
|
|a 384 p.
|d 23 x 19 cm
|
| 225 |
1 |
|
|a Pour les nuls
|
| 330 |
|
|
|a Présentation de ce qu'est le corps humain, des causes, des mécanismes de certaines pathologies et du vocabulaire médical.
|
| 700 |
|
0 |
|a Gepner
|b Patrick
|4 70
|
| 900 |
|
|
|a Documentaire
|
| 901 |
|
|
|a Accessible au prêt
|
| 995 |
|
|
|a Bibliothèque
|c Bibliothèque
|f 00156007501943
|h 00156007501943
|k 612 GEP
|o p
|q a
|r az
|e Bibliothèque
|